Seven lenses or environmental principles as if adults mattered / (Record no. 6917)

MARC details
000 -LEADER
fixed length control field 01002nam a22002777a 4500
003 - CONTROL NUMBER IDENTIFIER
control field OSt
005 - DATE AND TIME OF LATEST TRANSACTION
control field 20251205030227.0
008 - FIXED-LENGTH DATA ELEMENTS--GENERAL INFORMATION
fixed length control field 251205b |||||||| |||| 00| 0 eng d
020 ## - INTERNATIONAL STANDARD BOOK NUMBER
International Standard Book Number 9715694608
040 ## - CATALOGING SOURCE
Original cataloging agency DWCL - Main
Transcribing agency OC
082 ## - DEWEY DECIMAL CLASSIFICATION NUMBER
Classification number Fil. 363.7 Se497 2003
100 ## - MAIN ENTRY--PERSONAL NAME
Personal name Galang, Angelina P.
Relator term Author
245 ## - TITLE STATEMENT
Title Seven lenses or environmental principles as if adults mattered /
Statement of responsibility, etc. Angelina P. Galang [and six others]
260 ## - PUBLICATION, DISTRIBUTION, ETC.
Place of publication, distribution, etc. Makati City, Philippines:
Name of publisher, distributor, etc. The Bookmark, Inc.,
Date of publication, distribution, etc. c2003.
300 ## - PHYSICAL DESCRIPTION
Extent 154 pages:
Other physical details illustrations;
Dimensions 26 cm.
504 ## - BIBLIOGRAPHY, ETC. NOTE
Bibliography, etc. note Includes bibliographical references.
650 ## - SUBJECT ADDED ENTRY--TOPICAL TERM
Topical term or geographic name entry element 1. Environmental education.
650 ## - SUBJECT ADDED ENTRY--TOPICAL TERM
Topical term or geographic name entry element 2. Environmental sciences.
700 ## - ADDED ENTRY--PERSONAL NAME
Personal name I. Reyes, Donna Paz T.
Relator term Author
700 ## - ADDED ENTRY--PERSONAL NAME
Personal name II. De la Cruz, Editha L.
Relator term Author
700 ## - ADDED ENTRY--PERSONAL NAME
Personal name III. Oliva, Ma. Theresa M.
Relator term Author
700 ## - ADDED ENTRY--PERSONAL NAME
Personal name IV. Pinpin, Lilibeth C.
Relator term Author
700 ## - ADDED ENTRY--PERSONAL NAME
Personal name V. Mesina, Sylvia R.
Relator term Author
700 ## - ADDED ENTRY--PERSONAL NAME
Personal name VI. Wood, Ma. Rosario G.
Relator term Author
942 ## - ADDED ENTRY ELEMENTS (KOHA)
Source of classification or shelving scheme Dewey Decimal Classification
Koha item type Book-Filipiniana
Suppress in OPAC No
952 ## - LOCATION AND ITEM INFORMATION (KOHA)
--
Holdings
Withdrawn status Lost status Source of classification or shelving scheme Damaged status Not for loan Home library Current library Shelving location Date acquired Source of acquisition Cost, normal purchase price Total Checkouts Full call number Barcode Date last seen Copy number Price effective from Koha item type Uniform Resource Identifier
    Dewey Decimal Classification     Junior High School Library Junior High School Library Filipiniana 01/19/2005 Library Fund 195.00   Fil. 363.7 Se497 2003 JHS - 12333 12/05/2025 c1 12/05/2025 BK - FIL